Smith's Recognizable Patterns of Human Malformation / (Record no. 595542)
[ view plain ]
| 000 -LEADER | |
|---|---|
| fixed length control field | 00393nam a22001457a 4500 |
| 020 ## - INTERNATIONAL STANDARD BOOK NUMBER | |
| International Standard Book Number | 9780323638821 |
| 040 ## - CATALOGING SOURCE | |
| Transcribing agency | DLC |
| 082 ## - DEWEY DECIMAL CLASSIFICATION NUMBER | |
| Edition number | 8th |
| Classification number | 616.043 |
| Author Mark | JON |
| 100 ## - MAIN ENTRY--PERSONAL NAME | |
| Personal name | Jones, Kenneth Lyons |
| 9 (RLIN) | 114147 |
| 245 ## - TITLE STATEMENT | |
| Title | Smith's Recognizable Patterns of Human Malformation / |
| Statement of responsibility, etc. | Kenneth Lyons Jones |
| 250 ## - EDITION STATEMENT | |
| Edition statement | 8th |
| 260 ## - PUBLICATION, DISTRIBUTION, ETC. | |
| Place of publication, distribution, etc. | Philadelpjia |
| Name of publisher, distributor, etc. | Elsevier |
| Date of publication, distribution, etc. | 2022 |
| 300 ## - PHYSICAL DESCRIPTION | |
| Other physical details | ill. |
| Dimensions | 24cm |
| 942 ## - ADDED ENTRY ELEMENTS (KOHA) | |
| Source of classification or shelving scheme | |
| Koha item type | Book |
| Withdrawn status | Lost status | Source of classification or shelving scheme | Damaged status | Not for loan | Permanent Location | Current Location | Shelving location | Date acquired | Source of acquisition | Cost, normal purchase price | Serial Enumeration / chronology | Full call number | Barcode | Date last seen | Copy number | Cost, replacement price | Price effective from | Koha item type | Uniform Resource Identifier |
|---|---|---|---|---|---|---|---|---|---|---|---|---|---|---|---|---|---|---|---|
| NUST School of Health Sciences (NSHS) | NUST School of Health Sciences (NSHS) | General Stacks | 08/16/2023 | Prince Books, Rawalpindi | 9975.00 | Vol-1 | 616.043 JON | NSHS-1756 | 08/16/2023 | vol.1 , c.1 | 19950.00 | 08/16/2023 | Book | ||||||
| NUST School of Health Sciences (NSHS) | NUST School of Health Sciences (NSHS) | General Stacks | 08/16/2023 | Prince Books, Rawalpindi | 9975.00 | Vol-2 | 616.043 JON | NSHS-1757 | 08/16/2023 | vol.2 , c.2 | 08/16/2023 | Book | 19950.00 |
